| 000 | 00641nam a2200229 c 4500 | ||
|---|---|---|---|
| 001 | 000029966 | ||
| 003 | RuMoIPM | ||
| 005 | 20260316113927.0 | ||
| 008 | 110926s1972 ru a||||||||||||||||rus d | ||
| 035 | _abiblionumber | ||
| 035 | _abiblionumber | ||
| 040 |
_aRuMoBEN _brus _ercr |
||
| 041 | _arus | ||
| 044 | _aru | ||
| 080 | _a510(035) | ||
| 100 | 1 | _aВыгодский, Марк Яковлевич | |
| 245 | 0 | 0 |
_aСправочник по высшей математике _cМ. Я. Выгодский |
| 250 | _a10-е изд., стер. | ||
| 260 |
_aМосква _bНаука _c1972 |
||
| 300 |
_a870 с. _bил. |
||
| 942 | _cBK | ||
| 999 |
_c29966 _d29966 |
||